Riconosci il Capoluogo di Provincia - Emilia-Romagna - Statistics

Statistiche generali
  • Questo quiz è stato fatto 107 volte
  • Il punteggio medio è 9 su 9
Statistiche sulle risposte
con Immagini Risposta % Corretto
Rimini
99%
Bologna
97%
Modena
97%
Parma
96%
Piacenza
96%
Reggio Emilia
95%
Ravenna
93%
Ferrara
92%
Forli
92%
Nessun quiz corrispondente trovato
Distribuzione punteggi
Percentuale di utenti per punteggio
Percentile per numero di risposta
I tuoi punteggi nel tempo
Non hai fatto questo quiz